| 000 | 00911nam a2200265 i 4500 | ||
|---|---|---|---|
| 001 | 109499 | ||
| 003 | ES-MaACL | ||
| 005 | 20250727165746.0 | ||
| 007 | t| | ||
| 008 | 151020s2011 xxuo |||| | eng d | ||
| 020 | _a978-0-578-08733-7 | ||
| 080 | _a77.058.2 | ||
| 100 | 1 |
_aCisneros, Ricardo. _9151367 |
|
| 245 | 1 | 0 |
_aRicardo Cisneros _b: between two worlds / _cRicardo Cisneros ; [edited by Juan Luque ; with contributions by Monika Bravo and Raúl Zamudio]. |
| 260 |
_aNew York : _bTwo Leaves, _c2011. |
||
| 300 |
_a224 p. : _bprincipalmente fot. col. ; _c30 cm. |
||
| 600 | 1 | 4 |
_aCisneros, Ricardo. _9151367 |
| 650 | 7 |
_aFotografía submarina _2embne _9163272 |
|
| 700 | 1 |
_aLuque, Juan. _974818 |
|
| 700 | 1 |
_aBravo, Monika. _9151369 |
|
| 700 | 1 |
_aZamudio, Raúl. _9157947 |
|
| 852 |
_aES-MaACL _jA-13442 _9113649 _bR.150620 _cDEPO1 _dOlim: N-6442 |
||
| 942 |
_2udc _cMONOGRAFIA |
||
| 999 |
_c109499 _d109499 |
||